Contemporary Architecture in China. Buildings and Projects 2000-2020 /

Saved in:
Bibliographic Details
Format: Book
Language:English
Published: Berlin : DOM, 2010
Subjects:
Tags: Add Tag
No Tags, Be the first to tag this record!

MARC

LEADER 00000nam a22000003a 4500
001 stu263264
005 20141123173030.3
008 130301s2010------------------------eng-d
020 |a 978-3-86922-121-2 
040 |a STU  |b slo 
041 0 |a eng 
245 |a Contemporary Architecture in China. Buildings and Projects 2000-2020 /  |c Ed by Ch. Dubrau 
260 |a Berlin :  |b DOM,  |c 2010 
300 |a 309 s 
650 7 |a architektúra ázijská  |2 stusub 
650 7 |a China  |2 estusub 
650 7 |a Čína  |2 stusub 
996 |b 284AU05628  |c A*8400 U  |l AAKNST  |s P  |a 0  |w stu263264_0001